जिवलग सारे (Record no. 336952)

MARC details
000 -LEADER
fixed length control field 00578nam a2200169Ia 4500
008 - FIXED-LENGTH DATA ELEMENTS--GENERAL INFORMATION
fixed length control field 090711s9999 xx 000 0 und d
082 ## - DEWEY DECIMAL CLASSIFICATION NUMBER
Item number 1930
100 ## - MAIN ENTRY--PERSONAL NAME
Personal name पिंगे रवीन्द्र
245 ## - TITLE STATEMENT
Title जिवलग सारे
260 ## - PUBLICATION, DISTRIBUTION, ETC. (IMPRINT)
Name of publisher, distributor, etc ज्ञानदा पब्लिकेशन्स प्रा. लि.
Date of publication, distribution, etc 2000
300 ## - PHYSICAL DESCRIPTION
Extent 147
600 ## - SUBJECT ADDED ENTRY--PERSONAL NAME
Personal name पिंगे रवीन्द्र
630 ## - SUBJECT ADDED ENTRY--UNIFORM TITLE
Uniform title जिवलग सारे
700 ## - ADDED ENTRY--PERSONAL NAME
Personal name पिंगे रवीन्द्र
730 ## - ADDED ENTRY--UNIFORM TITLE
Uniform title जिवलग सारे
942 ## - ADDED ENTRY ELEMENTS (KOHA)
Koha item type Book

No items available.